000 00663cab a2200217 4500
001 WB3043-27
008 090401t1994 xxu||||| |||| 00| 0 eng d
035 _a(Sirsi) u4103
041 _aeng
245 _aCycle network proposed
260 _c1994
350 _a0
490 _aIndependent
_v17 November 1994, 8(1)
520 _aA 5,000 mile cycle network linking all major cities and going through every county is being put forward for funding from the Millennium Commission.
650 _aCYCLE NETWORK
650 _aMILLENNIUM COMMISSION
650 _aSUSTRANS
690 _aHIGHWAYS RIGHTS OF WAY AND EASEMENTS
942 _n0
948 _c04/03/1997
999 _c2456
_d2456